1636 1567 1827 1426 1756 1160 1593 1714 1240 1433 1947 1564 1617 1825 1397 1377 1415 1617 1699 1482 1231 1512 1721 1218 1366 1248 1126 1006 1361 1516 1811 1791 1838 1467 1450 1993 1591 1505 1731 1272 1375 1410 1332 1244 1246 1452 1653 1283 1651 1028 1700 1783 1525 1602 1011 1352 1395 1889 1177 1420 1892 1481 1115 1036 1514 1867 1084 1504 1937 1864 1981 1335 1978 1102 1355 1579 1395 1793 1825 1276 1893 1552 1792 1586 1162 1677 1666 1518 1234 1798 1142 1838 1437 1048 1459 1600 1467 1328 1208 BCNSPRNW ULIB Ver.6.0+V

เปลี่ยนเป็นภาษาไทย

Change to English
 แสดงรายละเอียดบรรณานุกรม
  กลับหน้าหลัก

Brief Record : Get Marc (ISO 2709) : E-mail record : QR code < ปิดหน้าต่าง
LEADER : 00000nam 2200000uu 4500
001    13399128025
003     ULIB
008    211223s2559||||th 000 0 tha d
020 ^- ^a9786160618675 (ชุด)
050 ^- ^aนว.^bซ696อ^cล.1
100 1^ ^aซู, โม่.
245 10 ^aอวลกลิ่นละอองรัก ล.1 /ซูโม่ เขียน ; อวี้ แปล.
250 ^- ^aพิมพ์ครั้งที่ 1.
260 ^- ^aกรุงเทพฯ :แจ่มใส,2559
300 ^- ^a2 เล่ม.
490 1^ ^aมากกว่ารัก
500 ^- ^aแปลจาก: Chen xiang ru xie.
653 ^- ^aจีนศึกษา
700 0^ ^aอวี้.
945    ^p619^l0^i008623
999    ^aประนอม เกษจรัล
รายการนี้ยังไม่มีแท็ก
คุณยังไม่ได้ล็อกอิน คุณสามารถมีกิจกรรมร่วมกับเว็บไซต์ได้ แต่ต้องล็อกอินก่อน ::
  ล็อกอิน

รายการสื่อสารสนเทศ

ลำดับที่ ประเภท เลขเรียก/บาร์โค้ด สถานที่ สถานะ
1. นวนิยาย
นวนิยาย
นว. ซ696อ ล.1 ฉ.1 
  Barcode: 008623
ห้องสมุดวิทยาเขตสวรรค์ประชารักษ์
►หนังสือทั่วไป
บนชั้น

รายการใกล้เคียง
    ผู้แต่ง [ซู, โม่.]

BibComment


ยังไม่เคยถูกคอมเมนท์

คอมเมนท์ทรัพยากรรายการนี้
  คอมเมนท์: อวลกลิ่นละอองรัก..


 Copyright 2026. Bcnsprnw @Library